<?xml version='1.0' encoding='UTF-8'?>
  <record xmlns="http://www.loc.gov/MARC21/slim">
    <leader>00000cem a22000007i 4500</leader>
    <controlfield tag="001">ocm71395839</controlfield>
    <controlfield tag="003">OCoLC</controlfield>
    <controlfield tag="005">20240929224018.9</controlfield>
    <controlfield tag="007">aj aauun</controlfield>
    <controlfield tag="008">840831m17051710ne     zz b     0   dut d</controlfield>
    <datafield tag="040" ind1=" " ind2=" ">
      <subfield code="a">NLGGC</subfield>
      <subfield code="b">dut</subfield>
      <subfield code="e">fobidrtb</subfield>
      <subfield code="c">NLGGC</subfield>
      <subfield code="d">OCLCO</subfield>
      <subfield code="d">OCLCA</subfield>
      <subfield code="d">OCLCQ</subfield>
    </datafield>
    <datafield tag="029" ind1="0" ind2=" ">
      <subfield code="a">NLGGC</subfield>
      <subfield code="b">842921680</subfield>
    </datafield>
    <datafield tag="034" ind1="1" ind2=" ">
      <subfield code="a">a</subfield>
      <subfield code="b">640000</subfield>
    </datafield>
    <datafield tag="035" ind1=" " ind2=" ">
      <subfield code="a">(OCoLC)71395839</subfield>
    </datafield>
    <datafield tag="041" ind1="0" ind2=" ">
      <subfield code="a">dut</subfield>
      <subfield code="a">lat</subfield>
    </datafield>
    <datafield tag="045" ind1="0" ind2=" ">
      <subfield code="b">d1705</subfield>
    </datafield>
    <datafield tag="100" ind1="1" ind2=" ">
      <subfield code="a">Schenk, Petrus,</subfield>
      <subfield code="c">graveur en uitgever,</subfield>
      <subfield code="d">1661-1711/13.</subfield>
    </datafield>
    <datafield tag="245" ind1="1" ind2="0">
      <subfield code="a">Belgii pars septentrionalis communi nomine vulgo Hollandia :</subfield>
      <subfield code="b">nuncupata continens statum potentissimae Batavorum Reipublica seu provincias VII foederatas cum omnium provinciarum insignibus additis omnibus nominibus urbium et pagorum /</subfield>
      <subfield code="c">P. Schenk.</subfield>
    </datafield>
    <datafield tag="255" ind1=" " ind2=" ">
      <subfield code="a">Schaal ca. 1:640.000</subfield>
      <subfield code="c">(O 2°30'--O 7°25'/N 53°45'--N 51°00').</subfield>
    </datafield>
    <datafield tag="260" ind1=" " ind2=" ">
      <subfield code="a">Amstelodami :</subfield>
      <subfield code="b">Petrus Schenkius,</subfield>
      <subfield code="c">ca. 1705.</subfield>
    </datafield>
    <datafield tag="300" ind1=" " ind2=" ">
      <subfield code="a">1 kaart. :</subfield>
      <subfield code="b">op linnen gedrukt, op karton geplakt. ;</subfield>
      <subfield code="c">48 x 50 cm.</subfield>
    </datafield>
    <datafield tag="336" ind1=" " ind2=" ">
      <subfield code="a">cartografische afbeelding</subfield>
      <subfield code="b">cri</subfield>
      <subfield code="2">rdacontent/dut</subfield>
    </datafield>
    <datafield tag="337" ind1=" " ind2=" ">
      <subfield code="a">zonder medium</subfield>
      <subfield code="b">n</subfield>
      <subfield code="2">rdamedia/dut</subfield>
    </datafield>
    <datafield tag="338" ind1=" " ind2=" ">
      <subfield code="a">vel</subfield>
      <subfield code="b">nb</subfield>
      <subfield code="2">rdacarrier/dut</subfield>
    </datafield>
    <datafield tag="500" ind1=" " ind2=" ">
      <subfield code="a">Geeft per provincie het wapen en opsomming van streken, wateren, steden, enz.</subfield>
    </datafield>
    <datafield tag="500" ind1=" " ind2=" ">
      <subfield code="a">Kopergravure.</subfield>
    </datafield>
    <datafield tag="507" ind1=" " ind2=" ">
      <subfield code="a">Bevat schaalstokken in milliaria Germanica communia en milliaria Gallica communia.</subfield>
    </datafield>
    <datafield tag="580" ind1=" " ind2=" ">
      <subfield code="a">India Orientalis Batavorum commerciis potentia &amp; coloniis celeberrima. Schaal [ca. 1:65.000.000].</subfield>
    </datafield>
    <datafield tag="580" ind1=" " ind2=" ">
      <subfield code="a">[Zuid Limburg]. Schaal ca. 1:640.000.</subfield>
    </datafield>
    <datafield tag="787" ind1="1" ind2="8">
      <subfield code="i">Batavorum colonium occident:</subfield>
      <subfield code="t">Indiis septentrionalis Americae implantatae. Schaal [ca. 1:8.320.000]</subfield>
    </datafield>
    <datafield tag="787" ind1="1" ind2="8">
      <subfield code="i">Atlantes Neerlandici:</subfield>
      <subfield code="t">volume III</subfield>
      <subfield code="g">1969. p. 119, no. 19</subfield>
    </datafield>
    <datafield tag="936" ind1=" " ind2=" ">
      <subfield code="a">BATCHLOAD</subfield>
    </datafield>
  </record>